Pháp luật đại cương : Bài giảng và câu hỏi trắc nghiệm dùng cho sinh viên hệ Đại học và Cao đẳng

Zapisane w:
Opis bibliograficzny
Format: Giáo trình
Język:Undetermined
Wydane: Đại học Công nghiệp TP. Hồ Chí Minh  2009
Hasła przedmiotowe:
Etykiety: Dodaj etykietę
Nie ma etykietki, Dołącz pierwszą etykiete!
Thư viện lưu trữ: Trung tâm Thư viện - Trường Đại học Công nghiệp TP. Hồ Chí Minh
LEADER 00564nam a2200133Ia 4500
001 UIH_08092
008 231011s9999 xx 000 0 und d
082 |a  340.597 
245 0 |a  Pháp luật đại cương : Bài giảng và câu hỏi trắc nghiệm dùng cho sinh viên hệ Đại học và Cao đẳng 
260 |b Đại học Công nghiệp TP. Hồ Chí Minh 
260 |c  2009 
650 |a  Pháp luật;  
927 |a Giáo trình 
980 |a Trung tâm Thư viện - Trường Đại học Công nghiệp TP. Hồ Chí Minh